000 00631nam a2200181Ia 4500
008 100920s9999 xx 000 0 und d
082 _b61720
_a28 व 375 थ 91
100 _aचंपानेरकर मनोहर.
245 _aबौध्दीक चाचण्या.
260 _bजयदीप प्रकाशन, पुणे.
_c1991
300 _a46
_bसाधी
365 _b12
520 _aबा.वि.शालो.
630 _aबौध्दीक चाचण्या.
650 _aबा.वि.शालो.
730 _aबौध्दीक चाचण्या.
942 _cBOOK
999 _c704867
_d704864